Parques nacionales de Chile

Збережено в:
Бібліографічні деталі
Автори: Wenborne H., Guy (Автор), Huyghe R., Elizabeth (Автор)
Формат: Книга
Мова:Іспанська
Опубліковано: Santiago Travesia 2007
Редагування:2a. ed
Предмети:
Теги: Додати тег
Немає тегів, Будьте першим, хто поставить тег для цього запису!

MARC

LEADER 00000nam a2200000 a 4500
001 UCH4554
003 CL-VaPUC
008 090827e20070000CL |||||||||||||||||spa|d
020 |a 9568322019 
082 0 4 |a 333.783  |b WEN  |2 21 
100 0 |a Wenborne H., Guy  |e author  |9 540107 
700 0 |a Huyghe R., Elizabeth  |e author  |9 540108 
245 1 0 |a Parques nacionales de Chile 
250 |a 2a. ed 
300 |a 373 p 
942 |c BK 
945 |d 20090827 00:00:00  |a rbrito 
260 |a Santiago  |b Travesia  |c 2007 
650 7 |a PARQUES NACIONALES  |2 CL-VaPUC  |9 332012 
650 0 |a Recursos naturales  |9 255232 
650 0 |a Turismo  |9 308920 
650 7 |a SILVICULTURA  |2 CL-VaPUC  |9 264178 
650 0 |a Ecología   |9 258124 
650 0 |a Geografía de Chile   |9 268295 
650 0 |a Flora chilena  |9 416577 
650 0 |a Protección del medio ambiente  |9 257626 
583 |a last modification  |c 20090827 00:00:00  |k Rodrigo Vera 
999 |c 335834  |d 335832 
952 |0 0  |1 0  |4 0  |6 333_783000000000000_WEN_2007  |7 0  |8 X  |9 426571  |a FDOBUD  |b FDOBUD  |d 2019-11-22  |i 4592727  |o 333.783 WEN 2007  |p 4592727  |r 2019-11-22  |w 2019-11-22  |y BK_X  |k BUD